LEADER 00926cam0-22003011i-450- 001 990003995540403321 005 20061026135859.0 035 $a000399554 035 $aFED01000399554 035 $a(Aleph)000399554FED01 035 $a000399554 100 $a20040130d2003----km-y0itay50------ba 101 0 $aita 102 $aIT 105 $ay-------001yy 200 1 $a<>nuovo diritto societario$ei principi della Legge delega e le linee guida della riforma$eDecreti legislativi 5 e 6 del 2003$fDaniele U. Santosuosso 210 $aMilano$cGiuffrè$d2003 215 $aX, 177 p.$d24 cm 225 1 $aDiritto e giustizia 700 1$aSantosuosso,$bDaniele Umberto$0383321 801 0$aIT$bUNINA$gRICA$2UNIMARC 901 $aBK 912 $a990003995540403321 952 $aDPR13/C/410$b20742$fDEC 952 $aDPR13C/417$b20742$fDEC 959 $aDEC 996 $aNuovo diritto societario$9471893 997 $aUNINA LEADER 01503nam0 22003493i 450 001 PUV0542019 005 20231121125616.0 010 $a0865160147 100 $a20170926d1982 ||||0itac50 ba 101 | $aeng$clat 102 $aus 181 1$6z01$ai $bxxxe 182 1$6z01$an 200 1 $aPhormio$ea comedy by Terence$emanuscript reproduction, facing transcription, edited latin texts, notes, vocabulary$fedited by Elaine M. Coury 210 $aWauconda, Illinois$cBolchazy-Carducci$d©1982 215 $aXXXIII, 224 p.$cill.$d22 cm. 500 10$aPhormio.$3UBOE001671$9CFIV069531$9868405 606 $aTerenzio Afro, Publio . Phormio$xCommenti$2FIR$3RMLC438247$9E 676 $a872.01$9Poesia drammatica e letteratura drammatica latina. Periodo romano, fino al 499 ca.$v22 700 1$aTerentius Afer$b, Publius$3CFIV069531$4070$0439355 702 1$aCoury$b, Elaine Marie$3UFIV130735 790 1$aTerentius$b, Publius Afer$3CAGV024322$zTerentius Afer, Publius 790 0$aTerenzio$3CFIV069532$zTerentius Afer, Publius 790 1$aTerenzio Afro$b, Publio$3CFIV069535$zTerentius Afer, Publius 801 3$aIT$bIT-01$c20170926 850 $aIT-FR0017 899 $aBiblioteca umanistica Giorgio Aprea$bFR0017 $eN 912 $aPUV0542019 950 0$aBiblioteca umanistica Giorgio Aprea$d 52S.SIJ. LL2 Ter.Pho.Cou.$e 52FLS0000181525 VMB RS $fA $h20170926$i20170926 977 $a 52 996 $aPhormio$9868405 997 $aUNICAS